书目信息 |
| 题名: |
矛盾论
|
|
| 作者: | 毛泽东著 | |
| 分册: | ||
| 出版信息: | 北京 人民出版社 1975 |
|
| 页数: | 48页 | |
| 开本: | 19cm | |
| 丛书名: | ||
| 单 册: | ||
| 中图分类: | A423 | |
| 科图分类: | ||
| 主题词: | 毛泽东著作--单行本--1937 | |
| 电子资源: | ||
| ISBN: | ||
| 000 | 00548nam0 2200205 45 | |
| 001 | 0175004207 | |
| 005 | 20060726084007.59 | |
| 010 | @dCNY0.13 | |
| 100 | @a19960105d1975 em y0chiy0121 ea | |
| 101 | 0 | @achi |
| 102 | @aCN@b110000 | |
| 105 | @ay z 000yy | |
| 200 | 10 | @a矛盾论@Amao dun lun@f毛泽东著 |
| 210 | @a北京@c人民出版社@d1975 | |
| 215 | @a48页@d19cm | |
| 300 | @a据《毛泽东著作选读(甲种本)》1965年4月第2版所载原文重排 | |
| 606 | @a毛泽东著作@x单行本@z1937 | |
| 690 | @aA423@v3 | |
| 801 | 0 | @aCN@bTSSF@c20060726 |
| 905 | @a10447@dA423@e25 | |
| 矛盾论/毛泽东著.-北京:人民出版社,1975 |
| 48页;19cm |
| 据《毛泽东著作选读(甲种本)》1965年4月第2版所载原文重排 |
| ISBN :CNY0.13 |
| ● |
| 相关链接 |
|
|
|
|
正题名:矛盾论
索取号:A423/25
 
预约/预借
| 序号 | 登录号 | 条形码 | 馆藏地/架位号 | 状态 | 备注 |
| 1 | 0426431 | 204264312 | 密集书库/ [索取号:A423/25] | 在馆 |